000 00846nam a2200229Ia 4500
003 OSt
005 20220918105426.0
006 a|||||r|||| 00| 0
007 ta
008 220915b |||||||| |||| 00| 0 hin d
024 _a93,264
037 _cReference Collections
040 _aARTS
_cARTS
_bhin
041 _2hin
_ahin
082 _aQ1jM98, 152N4(RR)
100 _aविद्यालंकार, सत्यकेतु, ले.
_91334
245 0 _aवबबनचंदबल साहित्य, संस्कृति और समाजदर्शन
246 _aVababanachandabal sāhitya, sanskṛuti aur samājadarshana
260 _c1994
942 _hQ1jM98, 152N4(RR)
_cREF
999 _c107070
_d107070